000 00925nam a22002057a 4500
005 20161104152813.0
010 _a1516ENO7 ENG-116434
020 _a9789352034352
_c460.00
035 _aB-609236-271
035 _aEN-99966
037 _adpl
_bStar/Ven
245 _aIAS mains general studies paper 2 :
_cedited by Priya Goayal
_bgovernance constitution, polity social justice & international relations /
250 _aFull Revised & Updated Edition
_bedited by Priya Goyal
260 _aNew Delhi
_bArihant Publications(India ) Limited
_c2015
270 _a4577/15, Agarwal Road, Daryaganj
_bNew Delhi
_e110002
_k011-47630600
_l-
_m-
300 _a535p.
_bill.
_c27cm(pbk)
700 _aGoyal, Priya
942 _2ddc
_cEN
_h000
_mIAS
999 _c95665
_d95665